Представление документа в формате MARC21

Поле Инд. ПП Название Значение
Тип записи a
Библиографический уровень m
001 Контрольный номер 0601c201-2667-4937-95e5-0d106f39a1b1
005 Дата корректировки 20140227000119.4
008 Кодируемые данные 020925
020 a ISBN 5-691-00903-6
c Цена, тираж 80.30
a ISBN 5-691-00902-8
040 a Служба первич. каталог. НБ ТвГУ
041 a Код языка текста rus
080 a Индекс УДК 947.0(075.8)
a Индекс УДК 9(47+57)(075.8)
084 a Индекс другой классификации/Индекс ББК Т3(2)6я731-1
a Индекс другой классификации/Индекс ББК Т3(2)53я731-1
090 x Авторский знак Н72
a Полочн. индекс Т3(2)6
245 10 a Заглавие Новейшая история Отечества: XX век
n Номер части/ раздела Т. 1
b Продолж. заглавия Учеб. для студентов вузов, обучающихся по специальности "История" : В 2 т.
c Ответственность [Авт.: А. Ф. Киселев, Э. М. Щагин, В. Г. Тюкавкин и др.]; Под ред. А. Ф. Киселева, Э. М. Щагина
250 a Основные сведения об издании 2-е изд.
b Дополнительные сведения об издании испр. и доп.
260 0_ a Место издания Москва
b Издательство ВЛАДОС
c Дата издания 2002
300 a Объем 494,[1] с.
b Иллюстрации/ тип воспроизводства карты.
440 a Серия Учебник для вузов
583 a Действие Получение впервые 398 24.09.2002
k Исполнитель действия ЧП Виноградова Г.А.
583 a Действие Приписка 228 15.10.2003
k Исполнитель действия Дар "Лицея-колледжа"
583 a Действие Приписка 274 17.11.2003
k Исполнитель действия ООО "Книжный мир"
583 a Действие Приписка 67 11.02.2004
k Исполнитель действия Взамен утраченных
583 a Действие Приписка 402 10.11.2004
k Исполнитель действия Взамен утраченных
583 a Действие Приписка 182 17.05.2006
k Исполнитель действия Взамен утраченных
583 a Действие Приписка 264 05.11.2008
k Исполнитель действия Взамен утраченных
650 a Основная рубрика Россия
x Основная подрубрика История
y Хронологическая подрубрика 1890-е гг. - 1930-е гг.
x Основная подрубрика Учебники для вузов
y Хронологическая подрубрика 19-20 вв.
z Географическая подрубрика СССР
653 a Ключевые слова История России
a Ключевые слова История СССР
a Ключевые слова Новейшая история России
a Ключевые слова Россия
a Ключевые слова СССР
700 1_ a Другие авторы Киселев А. Ф.
e Роль лиц авт.
700 1_ a Другие авторы Щагин Э. М.
e Роль лиц авт.
700 1_ a Другие авторы Тюкавкин В. Г.
e Роль лиц авт.
700 1_ a Другие авторы Лубков А. В.
e Роль лиц авт.
700 1_ a Другие авторы Кораблев Ю. И.
e Роль лиц авт.
852 t Порядковый номер экземпляра 3
p Инвентарный номер 750522
p Инвентарный номер 769675 85.00
p Инвентарный номер 750521
852 t Порядковый номер экземпляра 62
p Инвентарный номер 750523
p Инвентарный номер 750555
p Инвентарный номер 750554
p Инвентарный номер 750553
p Инвентарный номер 750552
p Инвентарный номер 750551
p Инвентарный номер 750550
p Инвентарный номер 750549
p Инвентарный номер 750548
p Инвентарный номер 750547
p Инвентарный номер 750546
p Инвентарный номер 750545
p Инвентарный номер 750544
p Инвентарный номер 750542
p Инвентарный номер 750541
p Инвентарный номер 750540
p Инвентарный номер 750539
p Инвентарный номер 750538
p Инвентарный номер 750537
p Инвентарный номер 750535
p Инвентарный номер 750534
p Инвентарный номер 750533
p Инвентарный номер 750532
p Инвентарный номер 750531
p Инвентарный номер 750530
p Инвентарный номер 750529
p Инвентарный номер 750528
p Инвентарный номер 750527
p Инвентарный номер 750526
p Инвентарный номер 750525
p Инвентарный номер 750524
p Инвентарный номер 771263 85.00
p Инвентарный номер 771264 85.00
p Инвентарный номер 771265 85.00
p Инвентарный номер 771266 85.00
p Инвентарный номер 771267 85.00
p Инвентарный номер 771268 85.00
p Инвентарный номер 771269 85.00
p Инвентарный номер 771270 85.00
p Инвентарный номер 771271 85.00
p Инвентарный номер 771272 85.00
p Инвентарный номер 771273 85.00
p Инвентарный номер 771274 85.00
p Инвентарный номер 771275 85.00
p Инвентарный номер 771276 85.00
p Инвентарный номер 771278 85.00
p Инвентарный номер 771279 85.00
p Инвентарный номер 771280 85.00
p Инвентарный номер 771281 85.00
p Инвентарный номер 771282 85.00
p Инвентарный номер 771283 85.00
p Инвентарный номер 771284 85.00
p Инвентарный номер 771285 85.00
p Инвентарный номер 771286 85.00
p Инвентарный номер 771287 85.00
p Инвентарный номер 771288 85.00
p Инвентарный номер 771289 85.00
p Инвентарный номер 771290 85.00
p Инвентарный номер 791480 105.00
p Инвентарный номер 842157 165.00
852 t Порядковый номер экземпляра 3
p Инвентарный номер 771291 85.00
p Инвентарный номер 771292 85.00
p Инвентарный номер 920847 95.00
852 t Порядковый номер экземпляра 1
p Инвентарный номер 777254 79.00
863 t 10690000003208
863 t 10690000003207
863 t 00189632
888 a За счет средств исторического фак-та
a Бесплатные
a За счет средств университета
930 a Новая/Ретро учебники
952 p 398.2002 80.30 1 750521
p 398.2002 80.30 1 750522
p 398.2002 80.30 1 750523
p 398.2002 80.30 1 750524
p 398.2002 80.30 1 750525
p 398.2002 80.30 1 750526
p 398.2002 80.30 1 750527
p 398.2002 80.30 1 750528
p 398.2002 80.30 1 750529
p 398.2002 80.30 1 750530
p 398.2002 80.30 1 750531
p 398.2002 80.30 1 750532
p 398.2002 80.30 1 750533
p 398.2002 80.30 1 750534
p 398.2002 80.30 1 750535
p 398.2002 80.30 1 750536
p 398.2002 80.30 1 750537
p 398.2002 80.30 1 750538
p 398.2002 80.30 1 750539
p 398.2002 80.30 1 750540
p 398.2002 80.30 1 750541
p 398.2002 80.30 1 750542
p 398.2002 80.30 1 750543
p 398.2002 80.30 1 750544
p 398.2002 80.30 1 750545
p 398.2002 80.30 1 750546
p 398.2002 80.30 1 750547
p 398.2002 80.30 1 750548
p 398.2002 80.30 1 750549
p 398.2002 80.30 1 750550
p 398.2002 80.30 1 750551
p 398.2002 80.30 1 750552
p 398.2002 80.30 1 750553
p 398.2002 80.30 1 750554
p 398.2002 80.30 1 750555
p 228.2003 85.00 1 769675
p 274.2003 85.00 1 771263
p 274.2003 85.00 1 771264
p 274.2003 85.00 1 771265
p 274.2003 85.00 1 771266
p 274.2003 85.00 1 771267
p 274.2003 85.00 1 771268
p 274.2003 85.00 1 771269
p 274.2003 85.00 1 771270
p 274.2003 85.00 1 771271
p 274.2003 85.00 1 771272
p 274.2003 85.00 1 771273
p 274.2003 85.00 1 771274
p 274.2003 85.00 1 771275
p 274.2003 85.00 1 771276
p 274.2003 85.00 1 771277
p 274.2003 85.00 1 771278
p 274.2003 85.00 1 771279
p 274.2003 85.00 1 771280
p 274.2003 85.00 1 771281
p 274.2003 85.00 1 771282
p 274.2003 85.00 1 771283
p 274.2003 85.00 1 771284
p 274.2003 85.00 1 771285
p 274.2003 85.00 1 771286
p 274.2003 85.00 1 771287
p 274.2003 85.00 1 771288
p 274.2003 85.00 1 771289
p 274.2003 85.00 1 771290
p 274.2003 85.00 1 771291
p 274.2003 85.00 1 771292
p 67.2004 79.00 1 777254
p 402.2004 105.00 1 791480
p 182.2006 165.00 1 842157
p 182.2006 165.00 1 842234
p 264.2008 95.00 1 920847
c Вид литературы К ру
954 a Дата поступления на обработку 20020930
999 a Подразделение 2 ч.з.
a Подразделение 2 уч.о.
a Подразделение 2 аб.
a Подразделение 2 Фил2